[Event "Trumpeter op"]
[Site "Grande Prairie CAN"]
[Date "2008.01.26"]
[Round "2"]
[White "Douglas, Trent"]
[Black "Braitanbach, Rick"]
[Result "1-0"]
[WhiteElo "1483"]
[BlackElo "1126"]
[PlyCount "41"]
[GameId "2160767910442399"]
[EventDate "2008.01.26"]
[EventType "swiss"]
[EventRounds "5"]
[EventCountry "CAN"]
[SourceTitle "EXT 2011"]
[Source "ChessBase"]
[SourceDate "2011.11.26"]
[SourceVersion "1"]
[SourceVersionDate "2011.11.26"]
[SourceQuality "1"]

1. d4 d5 2. Bf4 Nf6 3. e3 Nc6 4. Bd3 e6 5. Nd2 Bd6 6. Bg3 Bxg3 7. hxg3 e5 8. f3 O-O 9. dxe5 Nxe5 10. Qe2 Re8 11. O-O-O c6 12. f4 Bg4 13. Ngf3 Nh5 14. Rxh5 Nxd3+ 15. Qxd3 Bxh5 16. Rh1 Bg6 17. f5 Bxf5 18. Qxf5 g6 19. Qf4 Kf8 20. Ne5 Qd6 21. Qxf7# 1-0

[Event "Trumpeter op"]
[Site "Grande Prairie CAN"]
[Date "2008.01.26"]
[Round "2"]
[White "Hansen, Eric"]
[Black "Pedersen, Rick"]
[Result "1-0"]
[WhiteElo "2286"]
[BlackElo "1946"]
[PlyCount "47"]
[GameId "2160767910442401"]
[EventDate "2008.01.26"]
[EventType "swiss"]
[EventRounds "5"]
[EventCountry "CAN"]
[SourceTitle "EXT 2011"]
[Source "ChessBase"]
[SourceDate "2011.11.26"]
[SourceVersion "1"]
[SourceVersionDate "2011.11.26"]
[SourceQuality "1"]

1. e4 g6 2. d4 Bg7 3. Nc3 d6 4. Bg5 c5 5. dxc5 Qa5 6. Qd2 Qxc5 7. Nd5 Be6 8. Be3 Qc8 9. Bd4 Bh6 10. Bb5+ Nd7 11. Qd3 f6 12. Ne2 Kf7 13. O-O Ne5 14. Bxe5 dxe5 15. f4 Qc5+ 16. Kh1 Rd8 17. fxe5 Bxd5 18. exd5 Kg7 19. Nd4 Qxd5 20. Ne6+ Qxe6 21. Qxd8 Bg5 22. exf6+ Nxf6 23. Rae1 Ne4 24. Qd4+ 1-0

[Event "Trumpeter op"]
[Site "Grande Prairie CAN"]
[Date "2008.01.26"]
[Round "2"]
[White "Lefkowitz, Phil"]
[Black "Pua, Richard"]
[Result "0-1"]
[WhiteElo "1695"]
[BlackElo "1952"]
[PlyCount "110"]
[GameId "2160767910442402"]
[EventDate "2008.01.26"]
[EventType "swiss"]
[EventRounds "5"]
[EventCountry "CAN"]
[SourceTitle "EXT 2011"]
[Source "ChessBase"]
[SourceDate "2011.11.26"]
[SourceVersion "1"]
[SourceVersionDate "2011.11.26"]
[SourceQuality "1"]

1. d4 d5 2. c4 e6 3. Nc3 c5 4. cxd5 exd5 5. Nf3 Nf6 6. Bg5 cxd4 7. Nxd4 Be7 8. e3 O-O 9. Bd3 Nc6 10. Nxc6 bxc6 11. O-O h6 12. Bxf6 Bxf6 13. Rc1 Rb8 14. b3 Qd6 15. Bb1 Rd8 16. Qc2 g6 17. Na4 Bf5 18. Qxc6 Bxb1 19. Qxd6 Rxd6 20. Rxb1 Rc8 21. b4 Ra6 22. Nc5 Rxa2 23. Rfd1 a5 24. Nd7 Bg7 25. b5 Rc7 26. Nb6 Rcc2 27. Rf1 d4 28. Nd5 dxe3 29. b6 exf2+ 30. Kh1 Be5 31. b7 Rab2 32. g3 Rxb1 33. Rxb1 Rb2 34. Rf1 Rxb7 35. Rxf2 Rb1+ 36. Kg2 Rb2 37. Rxb2 Bxb2 38. Nb6 Kf8 39. Kf3 Ke7 40. Ke4 f5+ 41. Kd5 Bc3 42. Nc8+ Kf6 43. h3 Be1 44. g4 fxg4 45. hxg4 Kg5 46. Ne7 h5 47. gxh5 gxh5 48. Ke4 Kg4 49. Ng6 Bb4 50. Ne5+ Kg3 51. Nf3 a4 52. Ne5 a3 53. Nd3 a2 54. Nf4 h4 55. Ne2+ Kg4 0-1

[Event "Trumpeter op"]
[Site "Grande Prairie CAN"]
[Date "2008.01.26"]
[Round "2"]
[White "Longson, Stan"]
[Black "Stutzman, Larry"]
[Result "0-1"]
[WhiteElo "1334"]
[BlackElo "1661"]
[PlyCount "54"]
[GameId "2160767910442403"]
[EventDate "2008.01.26"]
[EventType "swiss"]
[EventRounds "5"]
[EventCountry "CAN"]
[SourceTitle "EXT 2011"]
[Source "ChessBase"]
[SourceDate "2011.11.26"]
[SourceVersion "1"]
[SourceVersionDate "2011.11.26"]
[SourceQuality "1"]

1. e4 e5 2. Nf3 Nc6 3. Bc4 Nf6 4. d3 d5 5. exd5 Nxd5 6. O-O Bd6 7. Bxd5 O-O 8. Nbd2 Bg4 9. c3 Rb8 10. Qa4 Bd7 11. b4 Nxb4 12. Qxa7 Nxd5 13. c4 Nb6 14. Ne4 Bc6 15. Qa5 Bxe4 16. dxe4 Nxc4 17. Qc3 b5 18. a3 Qe7 19. Nd2 Nxd2 20. Bxd2 Rfd8 21. Qg3 Kh8 22. Rfb1 f6 23. Rb3 Bxa3 24. Qc3 b4 25. Qc2 c5 26. Rbxa3 bxa3 27. Rxa3 Rxd2 0-1

[Event "Trumpeter op"]
[Site "Grande Prairie CAN"]
[Date "2008.01.26"]
[Round "2"]
[White "MacKinnon, Keith"]
[Black "Wong, Ford"]
[Result "0-1"]
[WhiteElo "2081"]
[BlackElo "1783"]
[PlyCount "88"]
[GameId "2160767910442404"]
[EventDate "2008.01.26"]
[EventType "swiss"]
[EventRounds "5"]
[EventCountry "CAN"]
[SourceTitle "EXT 2011"]
[Source "ChessBase"]
[SourceDate "2011.11.26"]
[SourceVersion "1"]
[SourceVersionDate "2011.11.26"]
[SourceQuality "1"]

1. e4 g6 2. d4 Bg7 3. Nc3 c6 4. g3 d6 5. Bg2 Nf6 6. f4 d5 7. e5 Ng4 8. Nf3 h5 9. O-O Nh6 10. Re1 Bg4 11. Ne2 Bxf3 12. Bxf3 e6 13. b3 Bf8 14. c4 Be7 15. Bb2 O-O 16. Qd3 Nf5 17. Rac1 Qb6 18. Rc2 a5 19. a3 dxc4 20. bxc4 Rd8 21. Rd2 Na6 22. Rb1 Qa7 23. Qc2 Rac8 24. Rd3 b5 25. c5 b4 26. Qc4 Nxc5 27. Rd2 Ne3 28. Qa2 b3 29. Qa1 Nc2 30. Rxc2 bxc2 31. Rf1 Nb3 32. Qe1 c5 33. Qc3 Nxd4 34. Nxd4 cxd4 35. Qd3 Qb6 36. Bc1 Rc3 37. Qd2 Qb3 38. Be4 d3 39. f5 exf5 40. Bxf5 Bc5+ 41. Kg2 Qd5+ 42. Kh3 Qxe5 43. Bb2 Qe2 44. Qf4 Be3 0-1

[Event "Trumpeter op"]
[Site "Grande Prairie CAN"]
[Date "2008.01.26"]
[Round "2"]
[White "Pradzinski, Alex"]
[Black "Deimert, Elroy"]
[Result "0-1"]
[WhiteElo "1200"]
[BlackElo "1594"]
[PlyCount "20"]
[GameId "2160767910442405"]
[EventDate "2008.01.26"]
[EventType "swiss"]
[EventRounds "5"]
[EventCountry "CAN"]
[SourceTitle "EXT 2011"]
[Source "ChessBase"]
[SourceDate "2011.11.26"]
[SourceVersion "1"]
[SourceVersionDate "2011.11.26"]
[SourceQuality "1"]

1. e4 e5 2. f4 d5 3. d3 dxe4 4. fxe5 Bc5 5. Ne2 Nc6 6. Bf4 Nge7 7. Nbc3 exd3 8. cxd3 Bf5 9. Ng3 Qd4 10. Nb5 Qf2# 0-1

[Event "Trumpeter op"]
[Site "Grande Prairie CAN"]
[Date "2008.01.26"]
[Round "2"]
[White "Quiring, John"]
[Black "Yearwood, Roy"]
[Result "0-1"]
[WhiteElo "1848"]
[BlackElo "2101"]
[PlyCount "128"]
[GameId "2160767910442406"]
[EventDate "2008.01.26"]
[EventType "swiss"]
[EventRounds "5"]
[EventCountry "CAN"]
[SourceTitle "EXT 2011"]
[Source "ChessBase"]
[SourceDate "2011.11.26"]
[SourceVersion "1"]
[SourceVersionDate "2011.11.26"]
[SourceQuality "1"]

1. e4 Nc6 2. f4 d5 3. exd5 Qxd5 4. Nf3 Bg4 5. Be2 e6 6. Nc3 Qf5 7. d3 Bc5 8. h3 Qh5 9. Ne4 Bxf3 10. Bxf3 Qh4+ 11. g3 Qe7 12. Nxc5 Qxc5 13. Bxc6+ Qxc6 14. Rh2 Qb6 15. Rg2 Nf6 16. Qe2 O-O 17. Qe5 Nd5 18. b3 f6 19. Qb2 e5 20. Bd2 exf4 21. O-O-O Ne3 22. Bxe3 Qxe3+ 23. Kb1 f3 24. Rh2 Rfe8 25. Qc1 Qg5 26. Qxg5 fxg5 27. g4 Re3 28. Rf2 Rf8 29. Rdf1 Rf6 30. Kc1 b5 31. Kd2 Re2+ 32. Rxe2 fxe2 33. Kxe2 Kf7 34. Rf3 Ke6 35. Re3+ Kd6 36. d4 b4 37. Kd3 Rf2 38. Re2 Rf4 39. Re5 h6 40. Kc4 Rf3 41. Kxb4 Rxh3 42. c4 Rd3 43. Rd5+ Kc6 44. Rc5+ Kb7 45. Rb5+ Kc8 46. Kc5 a6 47. Ra5 Kb7 48. b4 Rg3 49. b5 axb5 50. Rxb5+ Kc8 51. a4 Rxg4 52. a5 Rg2 53. Kc6 Rf2 54. Re5 Rf6+ 55. Kb5 Kb7 56. d5 g4 57. c5 Rf2 58. d6 g3 59. c6+ Ka7 60. d7 g2 61. Re1 Rf5+ 62. Kc4 Rf4+ 63. Kd5 Rf5+ 64. Ke6 Rf1 0-1

[Event "Trumpeter op"]
[Site "Grande Prairie CAN"]
[Date "2008.01.26"]
[Round "2"]
[White "Regimbald, Adrien"]
[Black "Panteluk, Steven"]
[Result "0-1"]
[WhiteElo "1976"]
[BlackElo "1715"]
[PlyCount "110"]
[GameId "2160767910442407"]
[EventDate "2008.01.26"]
[EventType "swiss"]
[EventRounds "5"]
[EventCountry "CAN"]
[SourceTitle "EXT 2011"]
[Source "ChessBase"]
[SourceDate "2011.11.26"]
[SourceVersion "1"]
[SourceVersionDate "2011.11.26"]
[SourceQuality "1"]

1. d4 d5 2. c4 e6 3. Nf3 h6 4. Nbd2 Nf6 5. e3 Be7 6. Bd3 O-O 7. O-O b6 8. b3 Ba6 9. Ne5 c5 10. Bb2 dxc4 11. Qf3 Qd5 12. Ndxc4 Qxf3 13. Nxf3 Nc6 14. dxc5 Bxc5 15. Rac1 Nb4 16. Bb1 Bb7 17. Rfd1 Nfd5 18. Nce5 Rfd8 19. a3 Na6 20. b4 Be7 21. Nc6 Bxc6 22. Rxc6 Nb8 23. Rcc1 Nd7 24. e4 Nf4 25. Kf1 Nf6 26. g3 Ng6 27. Rxd8+ Rxd8 28. Ke2 Ne8 29. Nd2 b5 30. Nb3 Nd6 31. Bd3 Bf6 32. Bxf6 gxf6 33. Rc7 Ne5 34. Bc2 a6 35. Ra7 Rc8 36. Nc5 a5 37. Rxa5 Ndc4 38. Ra7 Rd8 39. Bd3 Nxd3 40. Nxd3 Kg7 41. a4 bxa4 42. Rxa4 Rxd3 43. b5 Rc3 44. Rb4 Nb6 45. Kd2 Rc5 46. Kd3 e5 47. h3 Kf8 48. f3 Ke7 49. Rb3 Kd6 50. Ra3 Rxb5 51. Ra7 Nd7 52. Ra8 Rb8 53. Ra6+ Ke7 54. Ra7 h5 55. h4 Rg8 0-1

[Event "Trumpeter op"]
[Site "Grande Prairie CAN"]
[Date "2008.01.26"]
[Round "2"]
[White "Rekhson, Vladislav"]
[Black "Pradzinski, Tim"]
[Result "1-0"]
[WhiteElo "2106"]
[BlackElo "1857"]
[PlyCount "75"]
[GameId "2160767910442408"]
[EventDate "2008.01.26"]
[EventType "swiss"]
[EventRounds "5"]
[EventCountry "CAN"]
[SourceTitle "EXT 2011"]
[Source "ChessBase"]
[SourceDate "2011.11.26"]
[SourceVersion "1"]
[SourceVersionDate "2011.11.26"]
[SourceQuality "1"]

1. e4 c5 2. Nf3 d6 3. d4 cxd4 4. Qxd4 Nc6 5. Bb5 Bd7 6. Bxc6 Bxc6 7. Nc3 e5 8. Qd3 Nf6 9. Bg5 Be7 10. O-O-O Qa5 11. Kb1 O-O-O 12. Qc4 Qc7 13. Qxf7 h6 14. Bxf6 Bxf6 15. Qc4 Kb8 16. Rd3 Rd7 17. Rhd1 Rhd8 18. Nd5 Bxd5 19. Qxc7+ Kxc7 20. Rxd5 g5 21. Nd2 a6 22. Nc4 g4 23. Ne3 h5 24. a4 Rf7 25. R1d3 Rdd7 26. Nc4 Bg7 27. Nxd6 Rxd6 28. Rxd6 Bf8 29. R6d5 Rxf2 30. Rd2 Rf1+ 31. Ka2 Bh6 32. Rd7+ Kb8 33. Re2 Rf6 34. Re7 h4 35. Rxe5 Bf4 36. Rf5 Rxf5 37. exf5 Bxh2 38. Re4 1-0

[Event "Trumpeter op"]
[Site "Grande Prairie CAN"]
[Date "2008.01.26"]
[Round "2"]
[White "Schech, Roland"]
[Black "Miller, David"]
[Result "1-0"]
[WhiteElo "1651"]
[BlackElo "1330"]
[PlyCount "51"]
[GameId "2160767910442409"]
[EventDate "2008.01.26"]
[EventType "swiss"]
[EventRounds "5"]
[EventCountry "CAN"]
[SourceTitle "EXT 2011"]
[Source "ChessBase"]
[SourceDate "2011.11.26"]
[SourceVersion "1"]
[SourceVersionDate "2011.11.26"]
[SourceQuality "1"]

1. e4 e5 2. Nc3 Nf6 3. f4 d6 4. Nf3 Bg4 5. Bc4 Be7 6. O-O O-O 7. d3 Nc6 8. Ne2 Qd7 9. c3 Bxf3 10. Rxf3 Qg4 11. Rg3 Qh4 12. Rh3 Qg4 13. Be3 Nh5 14. f5 Nf4 15. Nxf4 Qxd1+ 16. Rxd1 exf4 17. Bxf4 Ne5 18. Bb3 g5 19. fxg6 Nxg6 20. Bh6 Rfe8 21. Rf1 Ne5 22. Rg3+ Kh8 23. Bg7+ Kg8 24. Bxe5+ Kf8 25. Bg7+ Kg8 26. Bxf7# 1-0

[Event "Trumpeter op"]
[Site "Grande Prairie CAN"]
[Date "2008.01.26"]
[Round "2"]
[White "Tot, Nandor"]
[Black "Kazakevich, Anastasia"]
[Result "1/2-1/2"]
[WhiteElo "1929"]
[BlackElo "2152"]
[PlyCount "41"]
[GameId "2160767910442411"]
[EventDate "2008.01.26"]
[EventType "swiss"]
[EventRounds "5"]
[EventCountry "CAN"]
[SourceTitle "EXT 2011"]
[Source "ChessBase"]
[SourceDate "2011.11.26"]
[SourceVersion "1"]
[SourceVersionDate "2011.11.26"]
[SourceQuality "1"]

1. Nf3 d5 2. d4 e6 3. c4 Nf6 4. Nc3 Be7 5. Bf4 a6 6. c5 b6 7. cxb6 cxb6 8. Ne5 O-O 9. e3 Bb7 10. Bd3 Nbd7 11. O-O Rc8 12. a4 Ne4 13. Nxe4 dxe4 14. Be2 Nxe5 15. Bxe5 Bd6 16. Bxd6 Qxd6 17. Qb3 Rc7 18. Rfc1 Rfc8 19. Rc3 Rxc3 20. bxc3 Bd5 21. c4 1/2-1/2

[Event "Trumpeter op"]
[Site "Grande Prairie CAN"]
[Date "2008.01.26"]
[Round "2"]
[White "White, Chris"]
[Black "MacKinnon, Don"]
[Result "1-0"]
[WhiteElo "1634"]
[BlackElo "1268"]
[PlyCount "97"]
[GameId "2160767910442412"]
[EventDate "2008.01.26"]
[EventType "swiss"]
[EventRounds "5"]
[EventCountry "CAN"]
[SourceTitle "EXT 2011"]
[Source "ChessBase"]
[SourceDate "2011.11.26"]
[SourceVersion "1"]
[SourceVersionDate "2011.11.26"]
[SourceQuality "1"]

1. d4 d5 2. c4 c6 3. Nf3 Nf6 4. Nc3 e6 5. Bg5 h6 6. Bh4 Nbd7 7. e3 g5 8. Bg3 Nh5 9. Qc2 Nxg3 10. hxg3 Bg7 11. Be2 Nf6 12. Nd2 Bd7 13. Nb3 Bf8 14. O-O-O Qc7 15. e4 dxe4 16. Nxe4 Nxe4 17. Qxe4 f5 18. Qe5 Qxe5 19. dxe5 O-O-O 20. f4 g4 21. Rd3 c5 22. Rhd1 Be7 23. Na5 Kc7 24. Nxb7 Bc6 25. Nxd8 Rxd8 26. Rxd8 Bxd8 27. Rh1 Kc8 28. Rxh6 Bd7 29. Kc2 Ba5 30. Rh1 Bc6 31. Rg1 Kc7 32. Bd3 Bb7 33. Kd1 Bc6 34. Ke2 Bb7 35. Kf2 Ba6 36. Rh1 Bc8 37. Rb1 Ba6 38. a3 Bb7 39. b4 Bb6 40. Kf1 cxb4 41. axb4 a5 42. bxa5 Bxa5 43. Rb5 Bc3 44. Be2 Bc6 45. Rb3 Ba5 46. c5 Ba4 47. Ra3 Bb4 48. Rxa4 Bxc5 49. Bc4 1-0

[Event "Trumpeter op"]
[Site "Grande Prairie CAN"]
[Date "2008.01.26"]
[Round "3"]
[White "Douglas, Trent"]
[Black "Caughlin, Wade"]
[Result "0-1"]
[WhiteElo "1483"]
[BlackElo "1757"]
[PlyCount "150"]
[GameId "2160767910442413"]
[EventDate "2008.01.26"]
[EventType "swiss"]
[EventRounds "5"]
[EventCountry "CAN"]
[SourceTitle "EXT 2011"]
[Source "ChessBase"]
[SourceDate "2011.11.26"]
[SourceVersion "1"]
[SourceVersionDate "2011.11.26"]
[SourceQuality "1"]

1. d4 d5 2. Bf4 Nf6 3. Nc3 a6 4. e3 Bf5 5. Bd3 Bxd3 6. Qxd3 e6 7. Nf3 Bb4 8. Ne5 Nbd7 9. a3 Be7 10. O-O-O O-O 11. e4 b5 12. Nxd7 Qxd7 13. e5 Ne8 14. h4 b4 15. Nb1 bxa3 16. Nxa3 c5 17. Qf3 c4 18. Nxc4 Rb8 19. Nd2 Qa4 20. Nb3 Qa2 21. Qc3 Bb4 22. Qd3 Nc7 23. Bd2 Rfc8 24. Bxb4 Rxb4 25. Qc3 Rbb8 26. Qa5 Qxa5 27. Nxa5 Nb5 28. c3 Nxc3 29. bxc3 Rxc3+ 30. Kd2 Ra3 31. Nc6 Rb2+ 32. Ke1 Raa2 33. Kf1 Rxf2+ 34. Kg1 Rxg2+ 35. Kf1 Raf2+ 36. Ke1 Ra2 37. Rc1 h5 38. Nb4 Rae2+ 39. Kf1 a5 40. Nd3 a4 41. Ra1 Ra2 42. Rxa2 Rxa2 43. Kg1 Ra1+ 44. Kg2 Rxh1 45. Kxh1 a3 46. Nb4 Kh7 47. Kg2 Kg6 48. Kf3 Kf5 49. Nc2 a2 50. Na1 g5 51. hxg5 Kxg5 52. Kg3 h4+ 53. Kh3 Kh5 54. Nc2 Kg5 55. Na1 Kf4 56. Kxh4 Ke4 57. Nc2 Kd3 58. Nb4+ Kxd4 59. Nxa2 Kxe5 60. Kg3 Kd4 61. Nb4 e5 62. Kg4 e4 63. Kf4 Kc5 64. Nc2 Kc4 65. Ne3+ Kd4 66. Nf5+ Kd3 67. Ke5 e3 68. Nd4 f5 69. Kxd5 f4 70. Nf3 e2 71. Ke5 Ke3 72. Ne1 f3 73. Kd5 f2 74. Ng2+ Kd2 75. Ke4 e1=Q+ 0-1

[Event "Trumpeter op"]
[Site "Grande Prairie CAN"]
[Date "2008.01.26"]
[Round "3"]
[White "Hughey, Micah"]
[Black "Apotre, Justin"]
[Result "1-0"]
[WhiteElo "2056"]
[BlackElo "1100"]
[PlyCount "37"]
[GameId "2160767910442414"]
[EventDate "2008.01.26"]
[EventType "swiss"]
[EventRounds "5"]
[EventCountry "CAN"]
[SourceTitle "EXT 2011"]
[Source "ChessBase"]
[SourceDate "2011.11.26"]
[SourceVersion "1"]
[SourceVersionDate "2011.11.26"]
[SourceQuality "1"]

1. e4 Nc6 2. Nf3 e5 3. Bc4 Nf6 4. Ng5 Bc5 5. Bxf7+ Ke7 6. Bd5 d6 7. O-O Bd7 8. Nf7 Qg8 9. Nxh8 Qxh8 10. d3 Nxd5 11. exd5 Nd4 12. Bg5+ Ke8 13. b4 Bxb4 14. c3 Bc5 15. cxd4 exd4 16. Qf3 h6 17. Re1+ Be6 18. Rxe6+ Kd7 19. Qf7+ 1-0

[Event "Trumpeter op"]
[Site "Grande Prairie CAN"]
[Date "2008.01.26"]
[Round "3"]
[White "Kazakevich, Alexander"]
[Black "Regimbald, Adrien"]
[Result "0-1"]
[WhiteElo "1635"]
[BlackElo "1976"]
[PlyCount "98"]
[GameId "2160767910442415"]
[EventDate "2008.01.26"]
[EventType "swiss"]
[EventRounds "5"]
[EventCountry "CAN"]
[SourceTitle "EXT 2011"]
[Source "ChessBase"]
[SourceDate "2011.11.26"]
[SourceVersion "1"]
[SourceVersionDate "2011.11.26"]
[SourceQuality "1"]

1. e4 e6 2. Qe2 Be7 3. g3 d5 4. exd5 exd5 5. Bg2 Nf6 6. d4 O-O 7. Nf3 b6 8. O-O Ba6 9. Qe1 Bxf1 10. Qxf1 Ne4 11. c4 c6 12. Nc3 Nxc3 13. bxc3 Nd7 14. Bf4 Rc8 15. Ne5 Nxe5 16. Bxe5 dxc4 17. Qxc4 Bd6 18. f4 Qc7 19. a4 Kh8 20. Qa6 Rfd8 21. c4 f6 22. Bxd6 Qxd6 23. d5 Qc5+ 24. Kh1 Qd4 25. Rf1 cxd5 26. Bxd5 Rc7 27. Qb5 Re7 28. Qb3 Re2 29. Qf3 Ra2 30. g4 Qd2 31. Qg3 Rxa4 32. h4 h6 33. f5 Rxd5 34. cxd5 Qxd5+ 35. Kg1 Qd4+ 36. Kh2 Qxg4 37. Qxg4 Rxg4 38. Kh3 Rb4 39. h5 a5 40. Rd1 a4 41. Rd8+ Kh7 42. Kg3 b5 43. Ra8 Rb3+ 44. Kf2 a3 45. Ke1 b4 46. Kd1 Rh3 47. Kc1 Rxh5 48. Rb8 Rh2 49. Kb1 Rb2+ 0-1

[Event "Trumpeter op"]
[Site "Grande Prairie CAN"]
[Date "2008.01.26"]
[Round "3"]
[White "Kazakevich, Anastasia"]
[Black "MacKinnon, Keith"]
[Result "1-0"]
[WhiteElo "2152"]
[BlackElo "2081"]
[PlyCount "77"]
[GameId "2160767910442416"]
[EventDate "2008.01.26"]
[EventType "swiss"]
[EventRounds "5"]
[EventCountry "CAN"]
[SourceTitle "EXT 2011"]
[Source "ChessBase"]
[SourceDate "2011.11.26"]
[SourceVersion "1"]
[SourceVersionDate "2011.11.26"]
[SourceQuality "1"]

1. d4 d5 2. c4 c6 3. Nc3 Nf6 4. e3 e6 5. Nf3 Nbd7 6. Bd3 dxc4 7. Bxc4 b5 8. Bd3 Bb7 9. O-O a6 10. b3 c5 11. a3 Be7 12. Qe2 O-O 13. Rd1 Qb6 14. Bb2 Rac8 15. a4 bxa4 16. Nxa4 Qa7 17. dxc5 Nxc5 18. Nxc5 Bxc5 19. Bxf6 gxf6 20. Nh4 Rc6 21. Qh5 f5 22. Nf3 f6 23. Bxf5 Bc8 24. Be4 Rc7 25. Rac1 Bb6 26. Rxc7 Qxc7 27. Nd4 Rd8 28. Bd3 e5 29. Bc4+ Kg7 30. Ne6+ Bxe6 31. Bxe6 Rxd1+ 32. Qxd1 Kf8 33. g3 Ke7 34. Bc4 Qc6 35. Qh5 a5 36. Qxh7+ Kd8 37. Qg8+ Kc7 38. Qf7+ Kb8 39. Bd5 1-0

[Event "Trumpeter op"]
[Site "Grande Prairie CAN"]
[Date "2008.01.26"]
[Round "3"]
[White "MacKinnon, Don"]
[Black "Longson, Stan"]
[Result "1/2-1/2"]
[WhiteElo "1268"]
[BlackElo "1334"]
[PlyCount "60"]
[GameId "2160767910442417"]
[EventDate "2008.01.26"]
[EventType "swiss"]
[EventRounds "5"]
[EventCountry "CAN"]
[SourceTitle "EXT 2011"]
[Source "ChessBase"]
[SourceDate "2011.11.26"]
[SourceVersion "1"]
[SourceVersionDate "2011.11.26"]
[SourceQuality "1"]

1. Nf3 d6 2. c4 e5 3. d4 exd4 4. Nxd4 Nf6 5. Nc3 Be7 6. e3 c5 7. Nf3 Bg4 8. Nd5 O-O 9. Bd3 Nc6 10. O-O Ne5 11. Be2 Nxf3+ 12. Bxf3 Bxf3 13. Nxf6+ Bxf6 14. Qxf3 Qb6 15. Rb1 Rfe8 16. b3 Qc7 17. Bb2 Be5 18. Rfd1 Rad8 19. Rd2 b6 20. Bxe5 dxe5 21. Rbd1 f6 22. h3 Rxd2 23. Rxd2 Rd8 24. Rd5 Kf7 25. e4 g6 26. Qd3 Ke7 27. f4 Rxd5 28. Qxd5 exf4 29. Qg8 Kd6 30. Qd5+ Ke7 1/2-1/2

[Event "Trumpeter op"]
[Site "Grande Prairie CAN"]
[Date "2008.01.26"]
[Round "3"]
[White "Panteluk, Steven"]
[Black "Yearwood, Roy"]
[Result "0-1"]
[WhiteElo "1715"]
[BlackElo "2101"]
[PlyCount "30"]
[GameId "2160767910442421"]
[EventDate "2008.01.26"]
[EventType "swiss"]
[EventRounds "5"]
[EventCountry "CAN"]
[SourceTitle "EXT 2011"]
[Source "ChessBase"]
[SourceDate "2011.11.26"]
[SourceVersion "1"]
[SourceVersionDate "2011.11.26"]
[SourceQuality "1"]

1. d4 Nc6 2. c4 e5 3. e3 Nf6 4. Nc3 Bb4 5. g3 exd4 6. exd4 d5 7. c5 O-O 8. Bg2 Bg4 9. Nf3 Ne4 10. Qb3 Bxf3 11. Bxf3 Nxd4 12. Qd1 Nxf3+ 13. Qxf3 Nxc3 14. bxc3 Re8+ 15. Kd2 Bxc5 0-1

[Event "Trumpeter op"]
[Site "Grande Prairie CAN"]
[Date "2008.01.26"]
[Round "3"]
[White "Pedersen, Rick"]
[Black "White, Chris"]
[Result "1-0"]
[WhiteElo "1946"]
[BlackElo "1634"]
[PlyCount "67"]
[GameId "2160767910442422"]
[EventDate "2008.01.26"]
[EventType "swiss"]
[EventRounds "5"]
[EventCountry "CAN"]
[SourceTitle "EXT 2011"]
[Source "ChessBase"]
[SourceDate "2011.11.26"]
[SourceVersion "1"]
[SourceVersionDate "2011.11.26"]
[SourceQuality "1"]

1. e4 e6 2. d4 d5 3. e5 c5 4. Nf3 Nc6 5. c3 Qb6 6. a4 Nge7 7. dxc5 Qxc5 8. Be3 Qa5 9. Bd3 Ng6 10. Bxg6 hxg6 11. Nbd2 Qc7 12. Bf4 g5 13. Bg3 Be7 14. Qe2 Bd7 15. Nb3 Qb6 16. Nfd4 Rb8 17. O-O Na5 18. Nxa5 Qxa5 19. f4 gxf4 20. Bxf4 Bc5 21. Be3 Bxd4 22. Bxd4 b5 23. Qf3 bxa4 24. b4 Qb5 25. Qxf7+ Kd8 26. Qxg7 Kc7 27. Qe7 Rbg8 28. Rf2 Qd3 29. Qc5+ Kd8 30. Qxa7 Qh3 31. Qb8+ Bc8 32. Bb6+ Ke7 33. Qd6+ Ke8 34. Qd8# 1-0

[Event "Trumpeter op"]
[Site "Grande Prairie CAN"]
[Date "2008.01.26"]
[Round "3"]
[White "Pua, Richard"]
[Black "Hansen, Eric"]
[Result "0-1"]
[WhiteElo "1952"]
[BlackElo "2286"]
[PlyCount "62"]
[GameId "2160767910442423"]
[EventDate "2008.01.26"]
[EventType "swiss"]
[EventRounds "5"]
[EventCountry "CAN"]
[SourceTitle "EXT 2011"]
[Source "ChessBase"]
[SourceDate "2011.11.26"]
[SourceVersion "1"]
[SourceVersionDate "2011.11.26"]
[SourceQuality "1"]

1. d4 Nf6 2. Nf3 c5 3. e3 g6 4. Bd3 Bg7 5. c4 O-O 6. Nc3 cxd4 7. exd4 d5 8. O-O Nc6 9. h3 dxc4 10. Bxc4 b6 11. Be3 Bb7 12. Qe2 Rc8 13. Rac1 Nb4 14. Ne5 Nbd5 15. Bd2 Nxc3 16. bxc3 Ne4 17. Bf4 b5 18. Bxf7+ Rxf7 19. Nxf7 Kxf7 20. Qxb5 Qd5 21. c4 Qxb5 22. cxb5 Nc3 23. Kh1 Nxb5 24. Rxc8 Bxc8 25. Rc1 Bf5 26. d5 Nc3 27. Bb8 a5 28. d6 exd6 29. Bxd6 Ke6 30. Bb8 Kd5 31. Re1 Bf6 0-1

[Event "Trumpeter op"]
[Site "Grande Prairie CAN"]
[Date "2008.01.26"]
[Round "3"]
[White "Stutzman, Larry"]
[Black "Stone, Garry"]
[Result "1-0"]
[WhiteElo "1661"]
[BlackElo "1427"]
[PlyCount "111"]
[GameId "2160767910442424"]
[EventDate "2008.01.26"]
[EventType "swiss"]
[EventRounds "5"]
[EventCountry "CAN"]
[SourceTitle "EXT 2011"]
[Source "ChessBase"]
[SourceDate "2011.11.26"]
[SourceVersion "1"]
[SourceVersionDate "2011.11.26"]
[SourceQuality "1"]

1. c4 Nc6 2. Nc3 e5 3. g3 Bc5 4. Bg2 Nf6 5. e3 O-O 6. Nge2 b6 7. O-O Bb7 8. Re1 Re8 9. a3 Rb8 10. b4 Bd6 11. Bb2 Ne7 12. Rc1 Bxg2 13. Kxg2 c6 14. d4 e4 15. c5 Bc7 16. Qc2 d5 17. cxd6 Qxd6 18. Nxe4 Nxe4 19. Qxe4 Nd5 20. Qc2 Ne7 21. Nf4 g6 22. Qc3 Qf6 23. d5 Qxc3 24. Rxc3 Be5 25. Rc2 Bxb2 26. Rxb2 Nxd5 27. Nxd5 cxd5 28. Rd1 Rbd8 29. Rbd2 Re5 30. Rd3 f5 31. Kf3 Kf7 32. Ke2 Ke6 33. Rc1 Kd6 34. b5 Rd7 35. Rc6+ Ke7 36. Rdc3 d4 37. Rb3 dxe3 38. Rxe3 Rxe3+ 39. Kxe3 Kf7 40. h4 h5 41. f3 Kg7 42. Kf4 Kh6 43. Rc8 Kh7 44. Kg5 Rf7 45. Rc6 Rg7 46. a4 Rg8 47. a5 bxa5 48. Ra6 Rb8 49. Rxa7+ Kg8 50. Rxa5 Kg7 51. Ra7+ Kf8 52. Kxg6 Rxb5 53. Rf7+ Kg8 54. Rxf5 Rxf5 55. Kxf5 Kg7 56. Kg5 1-0